| 000 | 01012cab a2200181 4500 | ||
|---|---|---|---|
| 001 | ##L131236 | ||
| 008 | 051010n2005 000 0 eng u | ||
| 035 | _a(Sirsi) u131236 | ||
| 041 | 0 | _aeng | |
| 100 | 1 | _aGardiner, Joey | |
| 245 | 0 | 0 | _aHousing studies |
| 260 | 3 | _c2005 | |
| 490 |
_aRegeneration and Renewal _v30 September 2005, 20-21(2) |
||
| 520 | _aLooks at private sector solutions to studentification, the increasing concentration of students in specific locations which leads only to community decline. In the last few years private developers have built dedicated student accommodation in city-centre sites close to university campuses. Housing associations have also moved into this market in collaboration with institutional property investors. Describes the student block model and provides a case study of issues and solutions in Headingley, Leeds. | ||
| 590 | _aIKA111005 | ||
| 690 | _aPROPERTY-RESIDENTIAL PROPERTY-COMMUNAL RESIDENTIAL PROPERTY-COMMUNAL RESIDENTIAL FACILITIES | ||
| 942 | _n0 | ||
| 999 |
_c75995 _d75995 |
||